Mehabad Kürt Cumhuriyeti / (Kayıt no. 10211)

MARC ayrıntıları
000 -BAŞLIK
Sabit Uzunluktaki Kontrol Alanı 00675nam a22002177a 4500
003 - KONTROL NUMARASI KİMLİĞİ
Kontrol Alanı KOHA_MİRAKIL
005 - EN SON İŞLEM TARİHİ ve ZAMANI
Kontrol Alanı 20260415090919.0
008 - SABİT UZUNLUKTAKİ VERİ ÖGELERİ - GENEL BİLGİ
Sabit Alan 260414b tu ||||| |||| 00| 0 tur d
040 ## - KATALOGLAMA KAYNAĞI
Özgün Kataloglama Kurumu TR-AnABB
Kataloglama Dili tur
Çeviri Kurumu TR-AnABB
041 ## - DİL KODU
Metin ya da ses kaydının dil kodu tur
082 ## - DEWEY ONU SINIFLAMA SİSTEMİ
Sınıflama Numarası 955.052
Cutter numarası AEG 1976
100 1# - KİŞİ ADI
Yazar Adı (Kişi adı) Aegleton, William
245 10 - ESER ADI BİLDİRİMİ
Başlık Mehabad Kürt Cumhuriyeti /
Sorumluluk Bildirimi William Aegleton ; Türkçesi: M. E. Bozarslan
260 ## - YAYIN, DAĞITIM, VB.
Yayın Yeri Ankara :
Yayınevi Koral Yayınları,
Yayın Tarihi 1976
300 ## - FİZİKSEL TANIMLAMA
Sayfa, Cilt vb. 296 sayfa ;
Boyutları 18 cm
650 04 - KONU BAŞLIĞI EK GİRİŞ - KONU TERİMİ
Konusal terim veya coğrafi ad Tarih, İran
650 04 - KONU BAŞLIĞI EK GİRİŞ - KONU TERİMİ
Konusal terim veya coğrafi ad Tarih,
Coğrafi Alt Konu İran,
Kronolojik Alt Konu 1941-1945
700 1# - EK GİRİŞ - KİŞİ ADI
Yazar Adı (Kişi adı) Bozarslan, M. E.,
İlişkili Terim çeviren
9 (RLIN) 3395
900 ## - YEREL BİLGİ
Kontrol Can ÇELIK
942 ## - EK GİRİŞ ÖGELERİ (KOHA)
Sınıflama Kaynağı Dewey Decimal Classification
Materyal Türü Kitap
Mevcut
Geri Çekilme Durumu Kayıp Durumu Sınıflandırma Kaynağı Kredi için değil Kalıcı Konum Mevcut Konum Kayıt Tarih Toplam Ödünçverme Yer Numarası Demirbaş Numarası Son Görülme Tarihi Fatura Tarihi Materyal Türü
    Dewey Decimal Classification   Prof. Dr. Ruşen Keleş Kütüphanesi Prof. Dr. Ruşen Keleş Kütüphanesi 14/04/2026   955.052 AEG 1976 RK7055 14/04/2026 14/04/2026 Kitap